Βιβλιοθήκη Ελλήνων πατέρων και εκκλησιαστικών συγγραφέων

Αποθηκεύτηκε σε:
Λεπτομέρειες βιβλιογραφικής εγγραφής
Μορφή: Βιβλίο
Γλώσσα:Greek
Ancient Greek
Δημοσίευση: Αθήναι : Αποστολική Διακονία της Εκκλησίας της Ελλάδος, 1955-2003
Θέματα:
Ετικέτες: Προσθήκη ετικέτας
Δεν υπάρχουν, Καταχωρήστε ετικέτα πρώτοι!

MARC

LEADER 00000nam a2200000 i 4500
001 1/106152
008 050607m19552007 gre d
020 |a 960-315-479-2 (τ.78) 
020 |a 960-315-290-0 (set) 
020 |a 960-315-265-X (τ.65) 
020 |a 960-315-266-8 (τ.65α) 
020 |a 960-315-106-8 (τ.71) 
020 |a 960-315-205-6 (τ.72) 
020 |a 960-315-208-0 (τ.73) 
020 |a 960-315-289-7 (τ.74) 
020 |a 960-315-322-2 (τ.75) 
020 |a 960-315-322-7 (τ.76) 
020 |a 960-315-380-X (τ.77) 
020 |a 960-315-456-3 (τ.79) 
020 |a 960-315-479-2 (τ.81) 
020 |a 960-315-469-5 (τ.82) 
020 |a 960-315-540-3 (τ.83) 
020 |a 960-315-546-2 (τ.84) 
020 |a 960-315-558-6 (τ.85) 
020 |a 960-315-567-5 (τ.86) 
020 |a 960-315-582-9 (τ.87) 
020 |a 978-960-315-598-0 (τ.88) 
035 |l 10078410 
040 |a GR-MY-UA  |b gre  |e aacr 
041 0 |a gre  |a grc 
082 0 |a 270  |2 (22) 
245 1 0 |a Βιβλιοθήκη Ελλήνων πατέρων και εκκλησιαστικών συγγραφέων /  |c γενική επιστασία και επιμέλεια Ηλία Δ. Μούτσουλα ; επιμεληταί Γεωργία Π. Κουνάβη; Δημήτριος Χ. Καλλιντέρης 
260 |a Αθήναι :   |b Αποστολική Διακονία της Εκκλησίας της Ελλάδος,   |c 1955-2003 
300 |a 88 τ.;  |c 21 εκ. 
505 8 |a Τ.1. Κλήμης ο Ρώμης (μέρος Α΄)..-- τ.2. Κλήμης ο Ρώμης (μέρος Β΄), Διδαχή των Δώδεκα Αποστόλων - Βαρνάβα επιστολή - Η προς Διόγνητον επιστολή - Ιγνάτιος..-- τ.3. Πολύκαρπος Σμύρνης - Ερμάς - Πάπιας Κοδράτος - Αριστείδης - Ιουστίνος (μέρος Α΄)..-- τ.4. Ιουστίνος (μέρος Β΄) - Τατιανός - Μελίτων - Αθηναγόρας..-- τ.5. Θεόφιλος ο Αντιόχειας - Ερμείας - Ηγήσιππος - Ειρηναίος - Ιππόλυτος (μέρος Α΄)..-- τ.6. Ιππόλυτος (μέρος Β΄)..-- τ.7. Κλήμης ο Αλεξανδρεύς (μέρος Α΄)..-- τ.8. Κλήμης ο Αλεξανδρεύς (μέρος Β΄)..-- τ.9. Ωριγένης (μέρος Α΄)..-- τ.10. Ωριγένης (μέρος Β΄)..-- τ.11. Ωριγένης (μέρος Γ΄)..-- τ.12. Ωριγένης (μέρος Δ΄)..-- τ.13. Ωριγένης (μέρος Ε΄)..-- τ.14. Ωριγένης (μέρος ΣΤ΄)..-- τ.15. Ωριγένης (μέρος Ζ΄)..-- τ.16. Ωριγένης (μέρος Η΄)..-- τ.17. Ωριγένης (μέρος Θ΄) - Ιούλιος Αφρικανός - Διονύσιος Αλεξανδρείας - Γρηγόριος Νεοκαισαρείας..-- τ.18. Μεθόδιος - Πέτρος Αλεξανδρείας - Αλέξανδρος Αλεξανδρείας - Ευστάθιος Αντιόχειας..-- τ.19. Τίτος Βόστρων - Θεόδωρος Ηρακλείας..-- τ.20. Ευσέβιος Καισαρείας (μερός Β΄)..-- τ.21. Ευσέβιος Καισαρείας (μερός Γ΄)..-- τ.22. Ευσέβιος Καισαρείας (μερός Δ΄)..-- τ.23. Ευσέβιος Καισαρείας (μερός Ε΄)..-- τ.24. Ευσέβιος Καισαρείας (μερός ΣΤ΄)..-- τ.25. Ευσέβιος Καισαρείας (μερός Ζ΄)..-- τ.26. Ευσέβιος Καισαρείας (μερός Η΄)..-- τ.27. Ευσέβιος Καισαρείας (μέρος Θ΄)..-- τ.28. Ευσέβιος της Καισαρείας (μέρος Ι΄)..-- τ.29. Ευσέβιος Καισαρείας (μέρος ΙΑ΄) - Μάρκελος Αγκύρας, Βασίλειος Αγκύρας..-- τ.30. Μέγας Αθανάσιος (μέρος Α΄)..-- τ.31. Μέγας Αθανάσιος (μέρος Β΄)..-- τ.32. Μέγας Αθανάσιος (μέρος Γ΄)..-- τ.33. Μέγας Αθανάσιος (μέρος Δ΄)..-- τ.34. Μέγας Αθανάσιος (μέρος Ε΄)..-- τ.35. Μέγας Αθανάσιος (μέρος ς΄)..-- τ.36. Μέγας Αθανάσιος (μέρος Ζ΄)..-- τ.37. Μέγας Αθανάσιος (μέρος Η΄)..-- τ.38. Περί την Αρειανικήν Έριν / επιμέλεια Κωνσταντίνου Γ. Μπόνη..-- τ.39. Γελάσιος Καισαρείας, Κύριλλος Ιεροσολύμων / επιμέλεια Κωνσταντίνου Γ. Μπόνη..-- τ.40. Μέγας Αντώνιος, Αμμωνάς, Άμμων ή Αμμάνιος, Παχώμιος, Παχωμίου Ελληνικοί Βίοι / επιμέλεια Κωνσταντίνου Γ. Μπόνη..-- τ.41. Παχώμιος, Ωρσίσιος, Θεόδωρος Μοναχός, Μακάριος ο Αιγύπτιος (ομιλία Α΄- Ν΄) / επιμέλεια Κωνσταντίνου Γ. Μπόνη..-- τ.42. Μακάριος ο Αιγύπτιος, Μακάριος ο Αλεξανδρεύς, Πέτρος Β΄ Αλεξανδρείας, Τιμόθεος Α΄ Αλεξανδρείας / επιμέλεια Κωνσταντίνου Γ. Μπόνη..-- τ.43. Σαράπιων Θμούεως, Δίδυμος ο Αλεξανδρεύς / επιμέλεια Κωνσταντίνου Γ. Μπόνη..-- τ.44. Δίδυμος ο Αλεξανδρεύς (μέρος Β΄) / επιμέλεια Κωνσταντίνου Γ. Μπόνη..-- τ.45. Δίδυμος ο Αλεξανδρέυς (μέρος Γ΄) / επιμέλεια Κωνσταντίνου Γ. Μπόνη..--τ.78. Ευάγριος Ποντικός (μέρος Α΄). 
504 |a Περιλαμβάνει βιβλιογραφικές αναφορές και ευρετήριο 
650 0 0 |a Fathers of the church. 
650 0 0 |a Theology, Eastern Church  |x History. 
740 0 2 |a Κλήμης ο Ρώμης 
740 0 2 |a Πολύκαρπος Σμύρνης 
740 0 2 |a Ιουστίνος 
740 0 2 |a Θεόφιλος ο Αντιόχειας 
740 0 2 |a Ιππόλυτος 
740 0 2 |a Κλήμης ο Αλεξανδρεύς 
740 0 2 |a Ωριγένης 
740 0 2 |a Τίτος Βόστρων 
740 0 2 |a Γρηγόριος ο Θεολόγος 
740 0 2 |a Μεθόδιος 
740 0 2 |a Μελέτιος Αντιοχείας 
740 0 2 |a Φλαβιανός Αντιοχείας 
740 0 2 |a Ηγεμόνιος 
740 0 2 |a Σωφρόνιος 
740 0 2 |a Ευθάλιος 
740 0 2 |a Φίλων ο Καρπάσιος 
740 0 2 |a Διόδωρος Ταρσού 
740 0 2 |a Ευσέβιος Καισαρείας 
740 0 2 |a Μάρκελος Αγκύρας 
740 0 2 |a Βασίλειος Αγκύρας 
740 0 2 |a Μέγας Αθανάσιος 
740 0 2 |a Περί την αρειανικήν έριν 
740 0 2 |a Αστέριος Σοφιστής 
740 0 2 |a Αέτιος Αντιοχείας 
740 0 2 |a Ευνόμιος Κυζίκου 
740 0 2 |a Ευδόξιος Κ/πόλεως 
740 0 2 |a Λούκιος Αλεξαννδρείας 
740 0 2 |a Ευνόμιος Βεροίης 
740 0 2 |a Γελάσιος Καισαρείας 
740 0 2 |a Κύριλλος Ιεροσολύμων 
740 0 2 |a Μέγας Αντώνιος 
740 0 2 |a Άμμωνας 
740 0 2 |a Άμμων ή Αμμώνιος 
740 0 2 |a Παχώμιος 
740 0 2 |a Παχωμίου Ελληνικοί Βίοι 
740 0 2 |a Ωρσίσιος 
740 0 2 |a Θεόδωρος Μοναχός 
740 0 2 |a Μακάριος ο Αιγύπτιος 
740 0 2 |a Μακάριος ο Αλεξανδρεύς 
740 0 2 |a Πέτρος Β' Αλεξανδρείας 
740 0 2 |a Τιμόθεος Α' Αλεξανδρείας 
740 0 2 |a Γρηγόριος Νύσσης 
740 0 2 |a Σαράπων Θμούεως 
740 0 2 |a Δίδυμος ο Αλεξανδρεύς 
740 0 2 |a Βασίλειος ο Μέγας 
740 0 2 |a Ευάγριος Ποντικός 
740 0 2 |a Θεόδωρος Μοψουεστίας 
852 |a INST  |b RHODES  |c KRI  |e 20050721  |h  270 ΒΙΒ  |p 005400022891  |q 005400022891  |t BK  |v τ.27:  |y 0  |z τ.27 
852 |a INST  |b RHODES  |c KRI  |e 20050721  |h  270 ΒΙΒ  |p 005400022895  |q 005400022895  |t BK  |v τ.31:  |y 0  |z τ.31 
852 |a INST  |b RHODES  |c KRI  |e 20050721  |h  270 ΒΙΒ  |p 005400022896  |q 005400022896  |t BK  |v τ.32:  |y 0  |z τ.32 
852 |a INST  |b RHODES  |c KRI  |e 20050721  |h  270 ΒΙΒ  |p 005400022897  |q 005400022897  |t BK  |v τ.33:  |y 0  |z τ.33 
852 |a INST  |b RHODES  |c KRI  |e 20050721  |h  270 ΒΙΒ  |p 005400022898  |q 005400022898  |t BK  |v τ.34:  |y 0  |z τ.34 
852 |a INST  |b RHODES  |c KRI  |e 20050721  |h  270 ΒΙΒ  |p 005400022899  |q 005400022899  |t BK  |v τ.35:  |y 0  |z τ.35 
852 |a INST  |b RHODES  |c KRI  |e 20050721  |h  270 ΒΙΒ  |p 005400022901  |q 005400022901  |t BK  |v τ.36:  |y 0  |z τ.36 
852 |a INST  |b RHODES  |c KRI  |e 20050721  |h  270 ΒΙΒ  |p 005400022902  |q 005400022902  |t BK  |v τ.37:  |y 0  |z τ.37 
852 |a INST  |b RHODES  |c KRI  |e 20050721  |h  270 ΒΙΒ  |p 005400022903  |q 005400022903  |t BK  |v τ.38:  |y 0  |z τ.38 
852 |a INST  |b RHODES  |c KRI  |e 20050721  |h  270 ΒΙΒ  |p 005400022904  |q 005400022904  |t BK  |v τ.39:  |y 0  |z τ.39 
852 |a INST  |b RHODES  |c KRI  |e 20050721  |h  270 ΒΙΒ  |p 005400022905  |q 005400022905  |t BK  |v τ.40:  |y 0  |z τ.40 
852 |a INST  |b RHODES  |c KRI  |e 20050721  |h  270 ΒΙΒ  |p 005400022906  |q 005400022906  |t BK  |v τ.41:  |y 0  |z τ.41 
852 |a INST  |b RHODES  |c KRI  |e 20050721  |h  270 ΒΙΒ  |p 005400022907  |q 005400022907  |t BK  |v τ.42:  |y 0  |z τ.42 
852 |a INST  |b RHODES  |c KRI  |e 20050721  |h  270 ΒΙΒ  |p 005400022908  |q 005400022908  |t BK  |v τ.43:  |y 0  |z τ.43 
852 |a INST  |b RHODES  |c KRI  |e 20050721  |h  270 ΒΙΒ  |p 005400022909  |q 005400022909  |t BK  |v τ.44:  |y 0  |z τ.44 
852 |a INST  |b RHODES  |c KRI  |e 20050721  |h  270 ΒΙΒ  |p 005400022910  |q 005400022910  |t BK  |v τ.45:  |y 0  |z τ.45 
852 |a INST  |b RHODES  |c KRI  |e 20050721  |h  270 ΒΙΒ  |p 005400022912  |q 005400022912  |t BK  |v τ.47:  |y 0  |z τ.47 
852 |a INST  |b RHODES  |c KRI  |e 20050721  |h  270 ΒΙΒ  |p 005400022913  |q 005400022913  |t BK  |v τ.48:  |y 0  |z τ.48 
852 |a INST  |b RHODES  |c KRI  |e 20050721  |h  270 ΒΙΒ  |p 005400022914  |q 005400022914  |t BK  |v τ.49:  |y 0  |z τ.49 
852 |a INST  |b RHODES  |c KRI  |e 20050721  |h  270 ΒΙΒ  |p 005400022915  |q 005400022915  |t BK  |v τ.50:  |y 0  |z τ.50 
852 |a INST  |b RHODES  |c KRI  |e 20050721  |h  270 ΒΙΒ  |p 005400022916  |q 005400022916  |t BK  |v τ.51:  |y 0  |z τ.51 
852 |a INST  |b RHODES  |c KRI  |e 20050721  |h  270 ΒΙΒ  |p 005400022918  |q 005400022918  |t BK  |v τ.53:  |y 0  |z τ.53 
852 |a INST  |b RHODES  |c KRI  |e 20050607  |h  270 ΒΙΒ  |p 005400023354  |q 005400023354  |t BK  |v τ.81:  |y 0  |z τ.81 
852 |a INST  |b RHODES  |c KRI  |e 20060721  |h  270 ΒΙΒ  |p 005400024796  |q 005400024796  |t BK  |v τ.85:  |y 0  |z τ.85 
852 |a INST  |b RHODES  |c KRI  |e 20060721  |h  270 ΒΙΒ  |p 005400024797  |q 005400024797  |t BK  |v τ.84:  |y 0  |z τ.84 
852 |a INST  |b RHODES  |c KRI  |e 20060721  |h  270 ΒΙΒ  |p 005400024798  |q 005400024798  |t BK  |v τ.83:  |y 0  |z τ.83 
852 |a INST  |b RHODES  |c KRI  |e 20070122  |h  270 ΒΙΒ  |p 005400027099  |q 005400027099  |t BK  |v τ.70:  |y 0  |z τ.70 
852 |a INST  |b RHODES  |c KRI  |e 20070122  |h  270 ΒΙΒ  |p 005400027100  |q 005400027100  |t BK  |v τ.71:  |y 0  |z τ.71 
852 |a INST  |b RHODES  |c KRI  |e 20070122  |h  270 ΒΙΒ  |p 005400027101  |q 005400027101  |t BK  |v τ.72:  |y 0  |z τ.72 
852 |a INST  |b RHODES  |c KRI  |e 20070122  |h  270 ΒΙΒ  |p 005400027102  |q 005400027102  |t BK  |v τ.73:  |y 0  |z τ.73 
852 |a INST  |b RHODES  |c KRI  |e 20070122  |h  270 ΒΙΒ  |p 005400027103  |q 005400027103  |t BK  |v τ.74:  |y 0  |z τ.74 
852 |a INST  |b RHODES  |c KRI  |e 20070122  |h  270 ΒΙΒ  |p 005400027104  |q 005400027104  |t BK  |v τ.75:  |y 0  |z τ.75 
852 |a INST  |b RHODES  |c KRI  |e 20070122  |h  270 ΒΙΒ  |p 005400027105  |q 005400027105  |t BK  |v τ.76:  |y 0  |z τ.76 
852 |a INST  |b RHODES  |c KRI  |e 20070122  |h  270 ΒΙΒ  |p 005400027106  |q 005400027106  |t BK  |v τ.77:  |y 0  |z τ.77 
852 |a INST  |b RHODES  |c KRI  |e 20070122  |h  270 ΒΙΒ  |p 005400027107  |q 005400027107  |t BK  |v τ.78:  |y 0  |z τ.78 
852 |a INST  |b RHODES  |c KRI  |e 20070122  |h  270 ΒΙΒ  |p 005400027108  |q 005400027108  |t BK  |v τ.79:  |y 0  |z τ.79 
852 |a INST  |b RHODES  |c KRI  |e 20070122  |h  270 ΒΙΒ  |p 005400027109  |q 005400027109  |t BK  |v τ.82:  |y 0  |z τ.82 
852 |a INST  |b RHODES  |c KRI  |e 20070122  |h  270 ΒΙΒ  |p 005400027110  |q 005400027110  |t BK  |v τ.69:  |y 0  |z τ.69 
852 |a INST  |b RHODES  |c KRI  |e 20070122  |h  270 ΒΙΒ  |p 005400027111  |q 005400027111  |t BK  |v τ.68:  |y 0  |z τ.68 
852 |a INST  |b RHODES  |c KRI  |e 20070122  |h  270 ΒΙΒ  |p 005400027112  |q 005400027112  |t BK  |v τ.67:  |y 0  |z τ.67 
852 |a INST  |b RHODES  |c KRI  |e 20070122  |h  270 ΒΙΒ  |p 005400027113  |q 005400027113  |t BK  |v τ.66:  |y 0  |z τ.66 
852 |a INST  |b RHODES  |c KRI  |e 20070122  |h  270 ΒΙΒ  |p 005400027114  |q 005400027114  |t BK  |v τ.65:  |y 0  |z τ.65 
852 |a INST  |b RHODES  |c KRI  |e 20070122  |h  270 ΒΙΒ  |p 005400027115  |q 005400027115  |t BK  |v τ.65.Α:  |y 0  |z τ.65.Α 
852 |a INST  |b RHODES  |c KRI  |e 20070122  |h  270 ΒΙΒ  |p 005400027116  |q 005400027116  |t BK  |v τ.64:  |y 0  |z τ.64 
852 |a INST  |b RHODES  |c KRI  |e 20070122  |h  270 ΒΙΒ  |p 005400027117  |q 005400027117  |t BK  |v τ.63:  |y 0  |z τ.63 
852 |a INST  |b RHODES  |c KRI  |e 20070122  |h  270 ΒΙΒ  |p 005400027118  |q 005400027118  |t BK  |v τ.62:  |y 0  |z τ.62 
852 |a INST  |b RHODES  |c KRI  |e 20070122  |h  270 ΒΙΒ  |p 005400027119  |q 005400027119  |t BK  |v τ.61:  |y 0  |z τ.61 
852 |a INST  |b RHODES  |c KRI  |e 20070122  |h  270 ΒΙΒ  |p 005400027120  |q 005400027120  |t BK  |v τ.60:  |y 0  |z τ.60 
852 |a INST  |b RHODES  |c KRI  |e 20070122  |h  270 ΒΙΒ  |p 005400027121  |q 005400027121  |t BK  |v τ.59:  |y 0  |z τ.59 
852 |a INST  |b RHODES  |c KRI  |e 20070122  |h  270 ΒΙΒ  |p 005400027122  |q 005400027122  |t BK  |v τ.58:  |y 0  |z τ.58 
852 |a INST  |b RHODES  |c KRI  |e 20070122  |h  270 ΒΙΒ  |p 005400027123  |q 005400027123  |t BK  |v τ.57:  |y 0  |z τ.57 
852 |a INST  |b RHODES  |c KRI  |e 20070122  |h  270 ΒΙΒ  |p 005400027124  |q 005400027124  |t BK  |v τ.56:  |y 0  |z τ.56 
852 |a INST  |b RHODES  |c KRI  |e 20070122  |h  270 ΒΙΒ  |p 005400027125  |q 005400027125  |t BK  |v τ.55:  |y 0  |z τ.55 
852 |a INST  |b RHODES  |c KRI  |e 20070122  |h  270 ΒΙΒ  |p 005400027126  |q 005400027126  |t BK  |v τ.54:  |y 0  |z τ.54 
852 |a INST  |b RHODES  |c KRI  |e 20070119  |h  270 ΒΙΒ  |p 005400027141  |q 005400027141  |t BK  |v τ.14:  |y 0  |z τ.14 
852 |a INST  |b RHODES  |c KRI  |e 20070119  |h  270 ΒΙΒ  |p 005400027142  |q 005400027142  |t BK  |v τ.13:  |y 0  |z τ.13 
852 |a INST  |b RHODES  |c KRI  |e 20070119  |h  270 ΒΙΒ  |p 005400027143  |q 005400027143  |t BK  |v τ.6:  |y 0  |z τ.6 
852 |a INST  |b RHODES  |c KRI  |e 20070119  |h  270 ΒΙΒ  |p 005400027144  |q 005400027144  |t BK  |v τ.7:  |y 0  |z τ.7 
852 |a INST  |b RHODES  |c KRI  |e 20070119  |h  270 ΒΙΒ  |p 005400027145  |q 005400027145  |t BK  |v τ.19:  |y 0  |z τ.19 
852 |a INST  |b RHODES  |c KRI  |e 20070119  |h  270 ΒΙΒ  |p 005400027146  |q 005400027146  |t BK  |v τ.20:  |y 0  |z τ.20 
852 |a INST  |b RHODES  |c KRI  |e 20070119  |h  270 ΒΙΒ  |p 005400027147  |q 005400027147  |t BK  |v τ.26:  |y 0  |z τ.26 
852 |a INST  |b RHODES  |c KRI  |e 20070119  |h  270 ΒΙΒ  |p 005400027148  |q 005400027148  |t BK  |v τ.25:  |y 0  |z τ.25 
852 |a INST  |b RHODES  |c KRI  |e 20070119  |h  270 ΒΙΒ  |p 005400027149  |q 005400027149  |t BK  |v τ.24:  |y 0  |z τ.24 
852 |a INST  |b RHODES  |c KRI  |e 20070119  |h  270 ΒΙΒ  |p 005400027150  |q 005400027150  |t BK  |v τ.23:  |y 0  |z τ.23 
852 |a INST  |b RHODES  |c KRI  |e 20070119  |h  270 ΒΙΒ  |p 005400027151  |q 005400027151  |t BK  |v τ.22:  |y 0  |z τ.22 
852 |a INST  |b RHODES  |c KRI  |e 20070119  |h  270 ΒΙΒ  |p 005400027152  |q 005400027152  |t BK  |v τ.15:  |y 0  |z τ.15 
852 |a INST  |b RHODES  |c KRI  |e 20070119  |h  270 ΒΙΒ  |p 005400027153  |q 005400027153  |t BK  |v τ.16:  |y 0  |z τ.16 
852 |a INST  |b RHODES  |c KRI  |e 20070119  |h  270 ΒΙΒ  |p 005400027154  |q 005400027154  |t BK  |v τ.17:  |y 0  |z τ.17 
852 |a INST  |b RHODES  |c KRI  |e 20070119  |h  270 ΒΙΒ  |p 005400027155  |q 005400027155  |t BK  |v τ.21:  |y 0  |z τ.21 
852 |a INST  |b RHODES  |c KRI  |e 20070119  |h  270 ΒΙΒ  |p 005400027156  |q 005400027156  |t BK  |v τ.18:  |y 0  |z τ.18 
852 |a INST  |b RHODES  |c KRI  |e 20070119  |h  270 ΒΙΒ  |p 005400027157  |q 005400027157  |t BK  |v τ.8:  |y 0  |z τ.8 
852 |a INST  |b RHODES  |c KRI  |e 20070119  |h  270 ΒΙΒ  |p 005400027158  |q 005400027158  |t BK  |v τ.9:  |y 0  |z τ.9 
852 |a INST  |b RHODES  |c KRI  |e 20070119  |h  270 ΒΙΒ  |p 005400027159  |q 005400027159  |t BK  |v τ.10:  |y 0  |z τ.10 
852 |a INST  |b RHODES  |c KRI  |e 20070119  |h  270 ΒΙΒ  |p 005400027160  |q 005400027160  |t BK  |v τ.11:  |y 0  |z τ.11 
852 |a INST  |b RHODES  |c KRI  |e 20070119  |h  270 ΒΙΒ  |p 005400027161  |q 005400027161  |t BK  |v τ.12:  |y 0  |z τ.12 
852 |a INST  |b RHODES  |c KRI  |e 20070119  |h  270 ΒΙΒ  |p 005400027162  |q 005400027162  |t BK  |v τ.1:  |y 0  |z τ.1 
852 |a INST  |b RHODES  |c KRI  |e 20070119  |h  270 ΒΙΒ  |p 005400027163  |q 005400027163  |t BK  |v τ.2:  |y 0  |z τ.2 
852 |a INST  |b RHODES  |c KRI  |e 20070119  |h  270 ΒΙΒ  |p 005400027164  |q 005400027164  |t BK  |v τ.3:  |y 0  |z τ.3 
852 |a INST  |b RHODES  |c KRI  |e 20070119  |h  270 ΒΙΒ  |p 005400027165  |q 005400027165  |t BK  |v τ.4:  |y 0  |z τ.4 
852 |a INST  |b RHODES  |c KRI  |e 20070119  |h  270 ΒΙΒ  |p 005400027166  |q 005400027166  |t BK  |v τ.5:  |y 0  |z τ.5 
852 |a INST  |b RHODES  |c KRI  |e 20081010  |h  270 ΒΙΒ  |p 005400028308  |q 005400028308  |t BK  |v τ.85:  |y 0  |z τ.85 
852 |a INST  |b RHODES  |c KRI  |e 20050721  |h  270 ΒΙΒ  |p 005400028428  |q 005400028428  |t BK  |v τ.52:  |y 0  |z τ.52 
852 |a INST  |b RHODES  |c KRI  |e 20050721  |h  270 ΒΙΒ  |p 005400028429  |q 005400028429  |t BK  |v τ.46:  |y 0  |z τ.46 
852 |a INST  |b RHODES  |c KRI  |e 20050721  |h  270 ΒΙΒ  |p 005400028430  |q 005400028430  |t BK  |v τ.36:  |y 0  |z τ.36 
852 |a INST  |b RHODES  |c KRI  |e 20050721  |h  270 ΒΙΒ  |p 005400028431  |q 005400028431  |t BK  |v τ.30:  |y 0  |z τ.30 
852 |a INST  |b RHODES  |c KRI  |e 20050721  |h  270 ΒΙΒ  |p 005400028432  |q 005400028432  |t BK  |v τ.29:  |y 0  |z τ.29 
852 |a INST  |b RHODES  |c KRI  |e 20050721  |h  270 ΒΙΒ  |p 005400028433  |q 005400028433  |t BK  |v τ.28:  |y 0  |z τ.28 
852 |a INST  |b RHODES  |c KRI  |e 20080314  |h  270 ΒΙΒ  |p 005400029709  |q 005400029709  |t BK  |v τ.85:  |y 0  |z τ.85 
852 |a INST  |b RHODES  |c KRI  |e 20080314  |h  270 ΒΙΒ  |p 005400029710  |q 005400029710  |t BK  |v τ.86:  |y 0  |z τ.86 
852 |a INST  |b RHODES  |c KRI  |e 20081010  |h  270 ΒΙΒ  |p 005400030670  |q 005400030670  |t BK  |v τ.88:  |y 0  |z τ.88 
852 |a INST  |b RHODES  |c KRI  |e 20081010  |h  270 ΒΙΒ  |p 005400030671  |q 005400030671  |t BK  |v τ.87:  |y 0  |z τ.87 
852 |a INST  |b RHODES  |c KRI  |e 20081010  |h  270 ΒΙΒ  |p 005400030672  |q 005400030672  |t BK  |v τ.86:  |y 0  |z τ.86 
853 |a INST  |b RHODES  |c KRI  |h  270 ΒΙΒ 
901 |a BIBL4-2005-2 
909 |a Ρ  |b 110805 
909 |a Ρ  |b 121915 
909 |a Ρ  |b 121916 
909 |a Ρ  |b 121917 
909 |a Ρ  |b 121918 
909 |a Ρ  |b 121919 
909 |a Ρ  |b 121920 
909 |a Ρ  |b 121921 
909 |a Ρ  |b 121922 
909 |a Ρ  |b 121923 
909 |a Ρ  |b 121924 
909 |a Ρ  |b 121925 
909 |a Ρ  |b 121926 
909 |a Ρ  |b 121927 
909 |a Ρ  |b 121928 
909 |a Ρ  |b 121929 
909 |a Ρ  |b 121930 
909 |a Ρ  |b 121931 
909 |a Ρ  |b 121932 
909 |a Ρ  |b 121937 
909 |a Ρ  |b 121933 
909 |a Ρ  |b 121934 
909 |a Ρ  |b 121935 
909 |a Ρ  |b 121936 
909 |a Ρ  |b 121938 
909 |a Ρ  |b 121939 
909 |a Ρ  |b 121940 
909 |a Ρ  |b 121941 
909 |a Ρ  |b 121942 
909 |a Ρ  |b 126533 
909 |a Ρ  |b 126534 
909 |a Ρ  |b 126535 
909 |a Ρ  |b 127581 
909 |a Ρ  |b 127580 
909 |a Ρ  |b 127579 
909 |a Ρ  |b 127578 
909 |a Ρ  |b 127577 
909 |a Ρ  |b 127576 
909 |a Ρ  |b 127575 
909 |a Ρ  |b 127574 
909 |a Ρ  |b 127590 
909 |a Ρ  |b 127589 
909 |a Ρ  |b 127588 
909 |a Ρ  |b 127587 
909 |a Ρ  |b 127586 
909 |a Ρ  |b 127585 
909 |a Ρ  |b 127584 
909 |a Ρ  |b 127583 
909 |a Ρ  |b 127582 
909 |a Ρ  |b 127599 
909 |a Ρ  |b 127598 
909 |a Ρ  |b 127597 
909 |a Ρ  |b 127596 
909 |a Ρ  |b 127595 
909 |a Ρ  |b 127594 
909 |a Ρ  |b 127593 
909 |a Ρ  |b 127592 
909 |a Ρ  |b 127591 
909 |a Ρ  |b 127601 
909 |a Ρ  |b 127600 
909 |a Ρ  |b 127604 
909 |a Ρ  |b 127603 
909 |a Ρ  |b 127602 
909 |a Ρ  |b 127605 
909 |a Ρ  |b 127606 
909 |a Ρ  |b 127607 
909 |a Ρ  |b 127608 
909 |a Ρ  |b 127609 
909 |a Ρ  |b 127610 
909 |a Ρ  |b 127611 
909 |a Ρ  |b 127612 
909 |a Ρ  |b 127613 
909 |a Ρ  |b 127614 
909 |a Ρ  |b 127620 
909 |a Ρ  |b 127619 
909 |a Ρ  |b 127618 
909 |a Ρ  |b 127617 
909 |a Ρ  |b 127616 
909 |a Ρ  |b 127615 
909 |a Ρ  |b 127627 
909 |a Ρ  |b 127626 
909 |a Ρ  |b 127625 
909 |a Ρ  |b 127624 
909 |a Ρ  |b 127623 
909 |a Ρ  |b 127622 
909 |a Ρ  |b 127621 
909 |a Ρ  |b 128499 
909 |a Ρ  |b 128500 
909 |a Ρ  |b 153063 
909 |a Ρ  |b 153064 
909 |a Ρ  |b 153065 
909 |a Ρ  |b 153066 
920 |a ΚΡΙΚΩΝΗΣ  |b ΔΗΜΗΤΡΙΟΣ Ι.  |y ΡΟΔΟΣ  |z 2004-10 
970 |a ΣΙΔΕΡΗ  |b ΝΕΚΤΑΡΙΑ  |z 2005/07/21